Die Entwicklung des Sachverstandigenbeweises im deutschen und griechischen Zivilprozessrecht
Αποθηκεύτηκε σε:
| Κύριος συγγραφέας: | |
|---|---|
| Μορφή: | Βιβλίο |
| Γλώσσα: | German |
| Δημοσίευση: |
Berlin :
[χ.ό.],
1962
|
| Θέματα: | |
| Ετικέτες: |
Προσθήκη ετικέτας
Δεν υπάρχουν, Καταχωρήστε ετικέτα πρώτοι!
|
MARC
| LEADER | 00000cam a2200000 i 4500 | ||
|---|---|---|---|
| 001 | 1/36378 | ||
| 008 | 061025s1962 ger d | ||
| 035 | |l 10085805 | ||
| 040 | |a GR-MY-UA |b gre |e aacr | ||
| 041 | 0 | |a ger | |
| 082 | 0 | |a 347.067 |2 (22) | |
| 100 | 1 | |a Κεραμεύς, Κωνσταντίνος Δημ., |d 1937- | |
| 245 | 1 | 4 | |a Die Entwicklung des Sachverstandigenbeweises im deutschen und griechischen Zivilprozessrecht / |c Konstantinos D. Kerameus |
| 260 | |a Berlin : |b [χ.ό.], |c 1962 | ||
| 300 | |a x,32 σ.; |c 21 εκ. | ||
| 500 | |a Dissertation | ||
| 504 | |a Περιλαμβάνει βιβλιογραφικές παραπομπές | ||
| 650 | 0 | 0 | |a Evidence, Expert |z Germany (West) |
| 650 | 0 | 0 | |a Evidence, Expert |z Greece. |
| 650 | 0 | 0 | |a Civil procedure |z Greece. |
| 650 | 0 | 0 | |a Civil procedure |z Germany (West) |
| 852 | |a INST |b CHIOS |e 20061025 |h 347.067 ΚΕΡ |p 005200026896 |q 005200026896 |t BK |y 0 | ||
| 901 | |a BIBL2-2006-3 | ||
| 909 | |a Χ |b 120322 | ||
| 970 | |a ΒΑΣΙΛΑΚΗ |b ΝΙΚΗ |z 2006/10/25 | ||